| 000 | 00451nam a2200145 4500 | ||
|---|---|---|---|
| 999 |
_c5350 _d5350 |
||
| 008 | 150909b xxu||||| |||| 00| 0 eng d | ||
| 020 | _a0767408209 | ||
| 050 | _aBD 21 .B56 2000 | ||
| 100 | _aBonevac, Daniel | ||
| 245 |
_aWorlddly Wisdom/ _cDaniel, Bonevac. |
||
| 260 |
_aNew York: _bMcGraw-Hill, _c2000. |
||
| 300 |
_axvii,510p. : _bill. ; _c25 cm |
||
| 500 | _aincludes index. | ||
| 650 | _aPhilosophys-Introduction | ||
| 942 |
_2lcc _cBOOKS _hBD 21 .B56 2000 _09 |
||